000 00471nam a22001817a 4500
003 MPLRDC
005 20220104114123.0
008 210129b ||||| |||| 00| 0 eng d
020 _a7-5014-1242-1
082 _a782.886 KZ
100 _a潘嘉钊、钟敏、侯俊华、李慕贞 编著
245 _a康泽与蒋介石父子
_c
250 _a一版一刷
260 _a
_b群众出版社
_c1994
300 _b
650 _a康泽传记
942 _cBK
_o782.886 KZ
999 _c4982
_d4972